000
00361nam a2200169Ia 4500
003
IT-RoPAU
008
120407s9999 xx 000 0 und d
040
_a
IT-RoPAU
040
_c
IT-RoPAU
100
_a
Carlos Joaquin Duran
245
_a
Chicos y chicas
250
_a
Madrid
260
_a
Ediciones Paulinas
300
_c
cm
490
_v
1
942
_c
BK
999
_c
3003
_d
3003